[Event "Sonflow Cup Kolding M1 2025"]
[Site "Kolding"]
[Date "2025.05.04"]
[Round "4.4"]
[White "Kistrup, Nicolai"]
[Black "Matthiesen, Martin"]
[Result "1/2-1/2"]
[WhiteElo "2374"]
[BlackElo "2322"]
[WhiteFideId "1444816"]
[BlackFideId "1404067"]
[EventDate "2025.05.02"]
[EventType "swiss"]
[EventRounds "5"]
[EventCountry "DEN"]
[SourceTitle "Live v. Kolding Skak"]

1. e4 e5 2. Nf3 Nc6 3. Bc4 Nf6 4. Ng5 d5 5. exd5 Na5 6. Bb5+ c6 7. dxc6 bxc6 8. Bd3 Nd5 9. h4 h6 10. Qh5 Qf6 11. Ne4 Qe6 12. Ng5 Qf6 13. Ne4 Qe6 14. Ng5 1/2-1/2

[Event "Sonflow Cup Kolding M1 2025"]
[Site "Kolding"]
[Date "2025.05.04"]
[Round "4.5"]
[White "Kopylov, Michael"]
[Black "Ramsdal, Jens Albert"]
[Result "1-0"]
[WhiteElo "2333"]
[BlackElo "2351"]
[WhiteFideId "14105080"]
[BlackFideId "1429221"]
[EventDate "2025.05.02"]
[EventType "swiss"]
[EventRounds "5"]
[EventCountry "DEN"]
[SourceTitle "Live v. Kolding Skak"]

1. Nf3 d5 2. c4 c6 3. d4 Nf6 4. Qc2 e6 5. g3 dxc4 6. Qxc4 b5 7. Qd3 Qb6 8. a4 Ba6 9. Bg2 Nbd7 10. O-O Rc8 11. axb5 Bxb5 12. Qd1 c5 13. Nc3 Bc6 14. dxc5 Nxc5 15. Be3 Qb7 16. Ra5 Nfd7 17. Qb1 a6 18. b4 Ne4 19. Nxe4 Bxe4 20. Qa1 Bxb4 21. Rxa6 Bc3 22. Qa3 Bb4 23. Qa4 Bc6 24. Rxc6 Rxc6 25. Rb1 Ra6 26. Rxb4 Rxa4 27. Rxb7 Ra1+ 28. Bf1 Rd1 29. Bd2 f6 30. h4 Ke7 31. Bb4+ Kd8 32. Kg2 Kc8 33. Ra7 Kb8 34. Ra6 Re8 35. e3 Kb7 36. Ra2 Ra8 37. Rb2 Raa1 38. Be2 Rdb1 39. Rd2 Kc8 40. Bd6 e5 41. e4 Kd8 42. h5 Ke8 43. Nh4 Ra7 44. Bg4 Kf7 45. Nf5 Rbb7 46. Be2 Ra4 47. Bxe5 Rba7 48. Bf4 g6 49. Bb5 1-0

[Event "Sonflow Cup Kolding M1 2025"]
[Site "Kolding"]
[Date "2025.05.04"]
[Round "4.6"]
[White "Vinther Schou, Uffe"]
[Black "Olsen, Filip Boe"]
[Result "0-1"]
[WhiteElo "2297"]
[BlackElo "2471"]
[WhiteFideId "1400568"]
[BlackFideId "1440640"]
[EventDate "2025.05.02"]
[EventType "swiss"]
[EventRounds "5"]
[EventCountry "DEN"]
[SourceTitle "Live v. Kolding Skak"]

1. e4 c5 2. c3 Nf6 3. e5 Nd5 4. Nf3 d6 5. d4 cxd4 6. cxd4 Nc6 7. Bc4 Nb6 8. Bb5 Bd7 9. Nc3 e6 10. O-O Nb4 11. Bg5 Be7 12. Ne4 Nc8 13. Bxe7 Qxe7 14. exd6 Nxd6 15. Bxd7+ Qxd7 16. Ne5 Qc7 17. Rc1 Nc6 18. Qf3 Nxe4 19. Qxe4 O-O 20. Nxc6 bxc6 21. Rxc6 Qa5 22. a3 Rab8 23. Rc2 Rfd8 24. Rfc1 Qb6 25. b4 a5 26. Rc6 Qb7 27. bxa5 Rxd4 28. Qe5 h6 29. g3 Rbd8 30. Qe1 Qb3 31. Rc8 Rxc8 32. Rxc8+ Kh7 33. Rc1 Qd5 34. Qe3 Rd3 35. Qb6 Rxa3 36. a6 Qa5 37. Qb1+ f5 38. g4 Qa4 39. gxf5 Qg4+ 40. Kf1 Qh3+ 41. Kg1 exf5 42. Qb5 Qg4+ 43. Kf1 Ra4 44. Qd3 Qg6 45. Re1 Rxa6 46. Qg3 Qh5 47. Re5 Qd1+ 48. Re1 Qd5 49. f3 Qd3+ 50. Kf2 Qd4+ 51. Kf1 Qd3+ 52. Kf2 Qd2+ 53. Kf1 Ra2 54. Re7 Qd3+ 55. Kg1 Ra1+ 56. Re1 Qe3+ 57. Kf1 f4 58. Qf2 Rxe1+ 59. Qxe1 Qxf3+ 60. Kg1 Qe3+ 61. Qxe3 fxe3 62. Kf1 Kg6 63. Ke2 Kg5 64. Kxe3 Kg4 65. Kf2 Kh3 66. Kg1 h5 67. Kh1 h4 68. Kg1 g6 69. Kh1 g5 70. Kg1 g4 71. Kh1 g3 72. Kg1 g2 0-1

[Event "Sonflow Cup Kolding M1 2025"]
[Site "Kolding"]
[Date "2025.05.04"]
[Round "5.1"]
[White "Korneev, Oleg"]
[Black "Hector, Jonny"]
[Result "1/2-1/2"]
[WhiteElo "2470"]
[BlackElo "2410"]
[WhiteFideId "4156803"]
[BlackFideId "1700090"]
[EventDate "2025.05.02"]
[EventType "swiss"]
[EventRounds "5"]
[EventCountry "DEN"]
[SourceTitle "Live v. Kolding Skak"]

1. e4 e5 2. Nf3 Nc6 3. Bc4 Nf6 4. d3 d5 5. exd5 Nxd5 6. O-O Nb6 7. Bb5 Bd6 8. Re1 f6 9. d4 O-O 10. dxe5 Nxe5 11. Nxe5 fxe5 12. Nc3 Bf5 13. Ne4 Bb4 14. c3 Qxd1 15. Rxd1 Be7 16. Ng3 Bc5 17. Nxf5 Rxf5 18. Be3 Bxe3 19. fxe3 Rf6 20. a4 a5 21. b4 Kf7 22. bxa5 Rxa5 23. Rd8 c6 24. Bd3 Rxa4 25. Rxa4 Nxa4 26. Rd7+ Kf8 27. Rxb7 Nxc3 28. Rb8+ Ke7 29. Rb7+ Kf8 30. Rb8+ Ke7 31. Rb7+ 1/2-1/2

[Event "Sonflow Cup Kolding M1 2025"]
[Site "Kolding"]
[Date "2025.05.04"]
[Round "5.2"]
[White "Kanov, Nikola Krasimirov"]
[Black "Chatalbashev, Boris"]
[Result "1-0"]
[WhiteElo "2429"]
[BlackElo "2502"]
[WhiteFideId "2928531"]
[BlackFideId "2900440"]
[EventDate "2025.05.02"]
[EventType "swiss"]
[EventRounds "5"]
[EventCountry "DEN"]
[SourceTitle "Live v. Kolding Skak"]

1. e4 d6 2. d4 Nf6 3. Nc3 g6 4. Be3 c6 5. Qd2 Nbd7 6. O-O-O b5 7. f3 Nb6 8. Bh6 b4 9. Nb1 Bxh6 10. Qxh6 Be6 11. b3 Qc7 12. Ne2 c5 13. d5 Bd7 14. c4 a5 15. Rd2 a4 16. Kd1 axb3 17. axb3 Qa7 18. Nc1 Qa1 19. Bd3 Qe5 20. Re1 Ra1 21. Bc2 g5 22. Nd3 Rxb1+ 23. Bxb1 Qa1 24. Rb2 Rg8 25. g4 Rg6 26. Qh3 h5 27. Kc2 hxg4 28. fxg4 Bxg4 29. Qg3 Qa7 30. Ra2 Qd7 31. e5 Nh5 32. e6 Nxg3 33. exd7+ Bxd7 34. hxg3 Rh6 35. Kc1 e5 36. Ra6 Nc8 37. Nxe5 1-0

[Event "Sonflow Cup Kolding M1 2025"]
[Site "Kolding"]
[Date "2025.05.04"]
[Round "5.3"]
[White "Bank, Pelle Rodkjaer"]
[Black "Rasmussen, Allan Stig"]
[Result "0-1"]
[WhiteElo "2275"]
[BlackElo "2506"]
[WhiteFideId "1402889"]
[BlackFideId "1406000"]
[EventDate "2025.05.02"]
[EventType "swiss"]
[EventRounds "5"]
[EventCountry "DEN"]
[SourceTitle "Live v. Kolding Skak"]

1. d4 d5 2. Bg5 f6 3. Bd2 Nc6 4. e3 e5 5. Bb5 Qd6 6. a3 Ne7 7. Bb4 Qe6 8. Ne2 Bd7 9. O-O a6 10. Ba4 Rd8 11. Bb3 Nxb4 12. axb4 Qd6 13. Nbc3 Bc6 14. dxe5 fxe5 15. Ng3 g6 16. e4 Bg7 17. Qe1 d4 18. Nce2 Rf8 19. Nc1 h5 20. h3 h4 21. Nh1 Bb5 22. Nd3 Bxd3 23. cxd3 Bh6 24. Ra5 c6 25. Qd1 Kd7 26. Qg4+ Kc7 27. Qxh4 Bd2 28. Qg3 Bf4 29. Qg4 Qxb4 30. Ra3 Qd6 31. Ng3 Rf6 32. Ne2 Bd2 33. Rd1 Bh6 34. Qh4 Rh8 35. Bc4 Rxf2 36. Qg4 Be3 37. Kh1 Qf6 38. Ng1 Rxb2 39. Nf3 Qd6 40. Ra5 b5 41. Be6 Kb6 42. Rda1 Rb1+ 43. Rxb1 Kxa5 44. Bb3 Kb6 45. Qg3 Bf4 46. Qe1 a5 47. Qd1 Ng8 48. Bxg8 Rxg8 49. Qb3 Ra8 50. Ne1 a4 51. Qa2 Qe7 52. Kg1 a3 53. Nc2 Bd2 54. Rf1 Rf8 55. Rxf8 Qxf8 56. Nxa3 Be3+ 57. Kh2 Qf1 58. h4 Bg1+ 59. Kh3 0-1

[Event "Sonflow Cup Kolding M1 2025"]
[Site "Kolding"]
[Date "2025.05.04"]
[Round "5.4"]
[White "Kopylov, Michael"]
[Black "Kistrup, Nicolai"]
[Result "0-1"]
[WhiteElo "2333"]
[BlackElo "2374"]
[WhiteFideId "14105080"]
[BlackFideId "1444816"]
[EventDate "2025.05.02"]
[EventType "swiss"]
[EventRounds "5"]
[EventCountry "DEN"]
[SourceTitle "Live v. Kolding Skak"]

1. Nf3 d5 2. c4 c6 3. d4 Nf6 4. Qc2 g6 5. Bf4 dxc4 6. Qxc4 Bg7 7. e3 O-O 8. Be2 Be6 9. Qc1 Nbd7 10. Nc3 c5 11. O-O Rc8 12. Rd1 cxd4 13. Nxd4 Bc4 14. Bxc4 Rxc4 15. Nde2 Ne4 16. Qc2 Qc8 17. Qd3 Nxc3 18. Nxc3 Nb6 19. Rac1 Na4 20. Nd5 Rxc1 21. Nxe7+ Kh8 22. Nxc8 Nxb2 23. Rxc1 Nxd3 24. Rc7 Nxf4 25. exf4 Rd8 26. g3 Bd4 27. Ne7 Bb6 28. Rxb7 Rd2 29. Nc6 Rxa2 30. Rxf7 a5 31. Ne5 Bxf2+ 32. Kg2 a4 33. Kf3 a3 34. Ng4 Bd4 35. Rd7 Rd2 36. Rd8+ Kg7 37. Rd7+ Kf8 38. Rd8+ Ke7 0-1

[Event "Sonflow Cup Kolding M1 2025"]
[Site "Kolding"]
[Date "2025.05.04"]
[Round "5.5"]
[White "Olsen, Filip Boe"]
[Black "Ramsdal, Jens Albert"]
[Result "1-0"]
[WhiteElo "2471"]
[BlackElo "2351"]
[WhiteFideId "1440640"]
[BlackFideId "1429221"]
[EventDate "2025.05.02"]
[EventType "swiss"]
[EventRounds "5"]
[EventCountry "DEN"]
[SourceTitle "Live v. Kolding Skak"]

1. Nf3 Nf6 2. g3 d5 3. Bg2 c6 4. O-O Bg4 5. h3 Bh5 6. c4 e6 7. d4 Nbd7 8. Nc3 Bxf3 9. Bxf3 dxc4 10. e4 Be7 11. Qe2 Nb6 12. Rd1 O-O 13. a4 a5 14. Be3 Re8 15. Bg2 Bb4 16. g4 Qc7 17. h4 Nfd7 18. h5 Bf8 19. g5 e5 20. d5 g6 21. Rd2 Nc5 22. Rad1 Nd3 23. Qg4 Bb4 24. h6 Ra6 25. Qf3 Qd8 26. dxc6 bxc6 27. Bf1 Qe7 28. Bxd3 cxd3 29. Rxd3 Nc4 30. Rd7 Qe6 31. Bc1 Raa8 32. R7d3 Nd6 33. Be3 Rab8 34. b3 Nb7 35. Na2 Be7 36. Nc1 Rbd8 37. Kh2 Rxd3 38. Rxd3 Rd8 39. Qd1 Qc8 40. f3 Rxd3 41. Nxd3 Qd8 42. Qd2 Qd6 43. Qc3 f6 44. gxf6 Qxf6 45. Kg2 Nd8 46. Qxe5 Qxe5 47. Nxe5 Bd6 48. Bb6 Bxe5 49. Bxd8 Bc3 50. Kf2 Kf7 51. Ke3 Ke6 52. Kd3 Bb4 53. Kc4 Bd2 54. Bc7 Kd7 55. Bb6 Kc8 56. Kd3 Bxh6 57. Bxa5 Bf4 58. Bd2 Bb8 59. Bh6 1-0

[Event "Sonflow Cup Kolding M1 2025"]
[Site "Kolding"]
[Date "2025.05.04"]
[Round "5.6"]
[White "Matthiesen, Martin"]
[Black "Vinther Schou, Uffe"]
[Result "1-0"]
[WhiteElo "2322"]
[BlackElo "2297"]
[WhiteFideId "1404067"]
[BlackFideId "1400568"]
[EventDate "2025.05.02"]
[EventType "swiss"]
[EventRounds "5"]
[EventCountry "DEN"]
[SourceTitle "Live v. Kolding Skak"]

1. d4 Nf6 2. c4 c5 3. d5 g6 4. Nc3 Bg7 5. e4 d6 6. Nf3 O-O 7. h3 e6 8. Bd3 Na6 9. Be3 exd5 10. cxd5 Nc7 11. a4 b6 12. O-O Ba6 13. Bf4 Nh5 14. Bh2 Re8 15. Re1 Bh6 16. Bxa6 Nxa6 17. e5 Bf4 18. Bxf4 Nxf4 19. exd6 Rxe1+ 20. Qxe1 Nb4 21. Qd2 Nfd3 22. Ne1 c4 23. Nxd3 Nxd3 24. b3 Nc5 25. Re1 cxb3 26. Nb5 Qf6 27. Nc7 Rd8 28. Ne8 Rxe8 29. Rxe8+ Kg7 30. Re2 Nxa4 31. d7 Nc5 32. d6 Nxd7 33. Re7 b2 34. Re1 h5 35. Rb1 Nc5 36. Qxb2 Qxb2 37. Rxb2 Kf8 38. Re2 a5 39. Kf1 a4 40. Re7 b5 41. Rc7 Ne6 42. Rc8+ Kg7 43. d7 a3 44. d8=Q Nxd8 45. Rxd8 b4 46. Ra8 1-0